| 000 | 00395nam a22001451a 4500 | ||
|---|---|---|---|
| 082 |
_a823 _bWIL/W |
||
| 100 | _aWilliam Dalrymple | ||
| 245 |
_aWhite mughals: _blove and betrayal in eighteenth century india/ _cby William Dalrymple |
||
| 260 |
_aNew Delhi: _bViking, _c2002. |
||
| 300 | _a579p. | ||
| 650 | _aNovel English | ||
| 650 | _aLiterature English | ||
| 650 | _aLiterature | ||
| 942 | _cBK | ||
| 999 |
_c50833 _d50833 |
||